=LDR 00000nam 2200000 4500 =001 NUTBA000000000001798 =005 20210216092908 =035 ##$$a 0010-051400000000263 =008 210216################g##########0#ind## =020 ##$$a 978-979-27-7279-1 =082 ##$$a 362.82 =090 ##$$a 362.82 Kri a =100 1#$$a Kristo,Thomas =245 1#$$a Andalah Para Orangtua Motivator Terbaik Bagi Remaja /$c Thomas Kristo M =260 ##$$a Jakarta :$b Gramedia,$c 2010 =300 ##$$a 119 hlm ; $c 17 x 15 cn =084 ##$$a 362.82 THO a =250 ##$$a cet.1 =650 #4$$a Orang tua-Motivator remaja =990 ##$$a 21102519 =990 ##$$a 21102518